000 00445nmm a2200157Ia 4500
008 251105s9999||||xx |||||||||||||||||und||
041 _aspa
100 _aChance, Karen
245 0 _aLa hija de la medianoche
264 _a[Madrid, España] :
_bLa Factoría de Ideas,
_c2010
300 _a320 páginas
490 _aPandora
650 _aScience fiction & Fantasy
856 _uhttps://public.digitaliapublishing.com/a/25505
942 _cCF
999 _c100382
_d100382